1,3-dipolar cycloaddition chemistry / (Record no. 10325)
[ view plain ]
| 000 -LEADER | |
|---|---|
| fixed length control field | 01043pam a2200313 a 4500 |
| 001 - CONTROL NUMBER | |
| control field | 10325 |
| 003 - CONTROL NUMBER IDENTIFIER | |
| rucl marc code | BD-RjUL |
| 005 - DATE AND TIME OF LATEST TRANSACTION | |
| control field | 20211208234933.0 |
| 008 - FIXED-LENGTH DATA ELEMENTS--GENERAL INFORMATION | |
| fixed length control field | 140123s1984 nyua b 001 0 eng |
| 020 ## - INTERNATIONAL STANDARD BOOK NUMBER | |
| International Standard Book Number | 047108364X (set) : |
| 035 ## - SYSTEM CONTROL NUMBER | |
| System control number | (BD-RjUL)10373 |
| 040 ## - CATALOGING SOURCE | |
| Original cataloging agency | DLC |
| Transcribing agency | DLC |
| Modifying agency | DLC |
| -- | BD-RjUL |
| Language of cataloging | eng |
| 041 ## - LANGUAGE CODE | |
| Language code of text/sound track or separate title | eng |
| 082 00 - DEWEY DECIMAL CLASSIFICATION NUMBER | |
| Classification number | 547.59 |
| Edition number | 19 |
| Author mark and year | DIP 1984 |
| 245 00 - TITLE STATEMENT | |
| Title | 1,3-dipolar cycloaddition chemistry / |
| Statement of responsibility, etc. | edited by Albert Padwa. |
| 260 ## - PUBLICATION, DISTRIBUTION, ETC. (IMPRINT) | |
| Place of publication, distribution, etc. | New York : |
| Name of publisher, distributor, etc. | Wiley, |
| Date of publication, distribution, etc. | c1984. |
| 300 ## - PHYSICAL DESCRIPTION | |
| Pagination | 2 v. : |
| Illustrations | ill. ; |
| Size | 27 cm. |
| 500 ## - GENERAL NOTE | |
| General note | "A Wiley-Interscience publication." |
| 504 ## - BIBLIOGRAPHY, ETC. NOTE | |
| Bibliography, etc | Includes bibliographies and indexes. |
| 650 #0 - SUBJECT ADDED ENTRY--TOPICAL TERM | |
| Topical term or geographic name as entry element | Heterocyclic compounds. |
| 9 (RLIN) | 31517 |
| Topical term or geographic name as entry element | Ring formation (Chemistry) |
| 9 (RLIN) | 31896 |
| 700 1# - ADDED ENTRY--PERSONAL NAME | |
| Personal name | Padwa, Albert, |
| Dates associated with a name | 1937- |
| 856 4# - ELECTRONIC LOCATION AND ACCESS | |
| Materials specified | Table of Contents |
| Uniform Resource Identifier | <a href="http://www.loc.gov/catdir/toc/onix04/83006770.html">http://www.loc.gov/catdir/toc/onix04/83006770.html</a> |
| 942 ## - ADDED ENTRY ELEMENTS (KOHA) | |
| Source of classification or shelving scheme | Dewey Decimal Classification |
| Koha item type | Books |
| Lost status | Source of classification or shelving scheme | Materials specified (bound volume or other part) | Damaged status | Not for loan | Collection code | Permanent Location | Current Location | Shelving location | Date acquired | Source of acquisition | Cost, normal purchase price | Total Checkouts | Full call number | Date last seen | Copy number | Koha item type |
|---|---|---|---|---|---|---|---|---|---|---|---|---|---|---|---|---|
| Dewey Decimal Classification | V-1 | Not For Loan | Non-fiction | Central Library, University of Rajshahi | Central Library, University of Rajshahi | Reading Room | 29/07/1989 | Asia foundation | 0.00 | 547.59 DIP 1984 | 23/01/2014 | C-1 | Books |